000 00872nam a22001817a 4500
999 _c12410
_d12410
008 190125b ||||| |||| 00| 0 eng d
020 _a97108-4204-8
082 _21988
_aDFil.629.25
_bR524
100 _aRivera, Cayetano R.
_935024
245 _aEngine overhauling simplified
_cCayetano R. Rivera and Onofre P. Cuntapay
260 _aMandaluyong City :
_bNational Bookstore,
_c©1988
300 _axii, 132 pages :
_billustrated ;
_c23 cm.
500 _aIncludes bibliography.
505 _aIntroduction to overhauling--Dismounting the engine--Engine preparation for overhauling--Engine disassembly--Activities to perform after engine disassembly--Engine reassembly--Engine installation,testing and tune-up--Engine accessory system services--Fuel system.
650 _aEngines
_xMaintenance and repair
_935025
700 _aCuntapay, Onofre P.
_935026
942 _2ddc
_cDFIL